=LDR 00000nam 2200000 4500 =001 INLIS000000000001640 =005 20130612090036 =008 ***********************************Ind** =035 ##$$0010-061300000001640 =041 ##$$a Ind =082 ##$$a 782.109 598 2 =090 ##$$a 782.109 598 2, Suh-l =100 ##$$a SUHARTO, Ben =245 ##$$a Langen Mandra Wanara, Sebuah Opera Jawa, Ben Soeharto, N. Soeparjan, Rejomulyo =260 ##$$a 1998 $b Yogyakarta =300 ##$$a viii, 288 hlm, 21 cm =650 ##$$a Opera Jawa =700 ##$$a SUPARJAN, N =850 ##$$a NBPNMAT